LIBRARY & INFORMATION CENTRE, KCAET, TAVANUR

ONLINE PUBLIC ACCESS CATALOGUE (OPAC)

Hydrology for engineers and planners / (Record no. 10710)

MARC details
000 -LEADER
fixed length control field 00575cam a2200217ua 4500
020 ## - INTERNATIONAL STANDARD BOOK NUMBER
ISBN 81-85046-73-5
041 ## - LANGUAGE CODE
Language code of text/sound track or separate title eng
082 ## - DEWEY DECIMAL CLASSIFICATION NUMBER
Classification number 551.47802462
Item number HJE/HY
100 ## - MAIN ENTRY--AUTHOR NAME
Personal name Hjelmfelt, Allen T .
245 ## - TITLE STATEMENT
Title Hydrology for engineers and planners /
250 ## - EDITION STATEMENT
Edition statement 1 /
260 ## - PUBLICATION, DISTRIBUTION, ETC. (IMPRINT)
Place of publication Jodhpur :
Name of publisher Scientific Publishers ,
Year of publication 1985.
300 ## - PHYSICAL DESCRIPTION
Number of Pages 210 ; .
700 1# - ADDED ENTRY--PERSONAL NAME
Personal name Cassidy, John J .
942 ## - ADDED ENTRY ELEMENTS (KOHA)
Koha item type Books
Holdings
Withdrawn status Lost status Damaged status Home library Current library Date acquired Full call number Accession Number Koha item type
      KAUAET KAUAET 07/04/2012 551.47802462 HJE/HY 19766 Books
      KAUAET KAUAET 07/04/2012 551.47802462 HJE/HY 16911 Books
      KAUAET KAUAET 07/04/2012 551.47802462 HJE/HY 17852 Books
free website counter